Curso avanzado de Word

Sábháilte in:
Sonraí bibleagrafaíochta
Príomhchruthaitheoir: Sánchez Serantes, Verónica (Údar)
Formáid: LEABHAR
Teanga:Spáinnis
Foilsithe / Cruthaithe: Buenos Aires MP Ediciones 1999
Sraith:Aprendiendo PC Avanzado, 3
Ábhair:
Clibeanna: Cuir clib leis
Níl clibeanna ann, Bí ar an gcéad duine le clib a chur leis an taifead seo!

MARC

LEADER 00000nam a2200000 a 4500
001 UCO8329
003 CL-VaPUC
008 001201e19990000AG |||||||||||||||||spa|d
082 0 4 |a 005.369  |b SAN  |2 21 
100 0 |a Sánchez Serantes, Verónica  |e author  |9 453212 
245 1 0 |a Curso avanzado de Word 
300 |a 250 p 
942 |c BK 
945 |d 20001201 00:00:00  |a rbrito 
260 |a Buenos Aires  |b MP Ediciones  |c 1999 
650 0 |a Programas de computación   |9 334383 
650 0 |a Word  |9 264147 
650 0 |a Páginas web  |9 386845 
650 7 |a PROGRAMACION DE COMPUTADORA  |2 CL-VaPUC  |9 453213 
583 |a last modification  |c 20001201 00:00:00  |k Rodrigo Vera 
490 0 |a Aprendiendo PC Avanzado, 3 
999 |c 293018  |d 293016 
952 |0 0  |1 0  |4 0  |6 005_369000000000000_SAN_1999  |7 0  |8 A  |9 344118  |a BIBHIS  |b BIBHIS  |d 2019-11-20  |i 3653625  |o 005.369 SAN 1999  |p 3653625  |r 2025-01-20  |w 2019-11-20  |y BK  |k HIS